Senior school English (Record no. 164380)
[ view plain ]
| 000 -LEADER | |
|---|---|
| fixed length control field | 00645cam a2200205 a 4500 |
| 001 - CONTROL NUMBER | |
| control field | vtls000103160 |
| 003 - CONTROL NUMBER IDENTIFIER | |
| control field | MY-SjTCS |
| 005 - DATE AND TIME OF LATEST TRANSACTION | |
| control field | 20200226120434.0 |
| 008 - FIXED-LENGTH DATA ELEMENTS--GENERAL INFORMATION | |
| fixed length control field | 110218s1986 vra 000 0 eng |
| 020 ## - INTERNATIONAL STANDARD BOOK NUMBER | |
| International Standard Book Number | 0858594196 |
| 039 #9 - LEVEL OF BIBLIOGRAPHIC CONTROL AND CODING DETAIL [OBSOLETE] | |
| Level of rules in bibliographic description | 201610071438 |
| Level of effort used to assign nonsubject heading access points | pushpa |
| Level of effort used to assign subject headings | 201405051503 |
| Level of effort used to assign classification | patrick |
| Level of effort used to assign subject headings | 201102181516 |
| Level of effort used to assign classification | VLOAD |
| -- | 200407271810 |
| -- | VLOAD |
| 082 04 - DEWEY DECIMAL CLASSIFICATION NUMBER | |
| Classification number | 428 |
| Item number | ARN |
| 100 1# - MAIN ENTRY--PERSONAL NAME | |
| Personal name | Arnold, Josce Stainsby. |
| 9 (RLIN) | 764 |
| 245 10 - TITLE STATEMENT | |
| Title | Senior school English |
| 260 ## - PUBLICATION, DISTRIBUTION, ETC. | |
| Place of publication, distribution, etc. | Victoria : |
| Name of publisher, distributor, etc. | Heinemann Educational, |
| Date of publication, distribution, etc. | 1986 |
| 300 ## - PHYSICAL DESCRIPTION | |
| Extent | 248 p. : |
| Other physical details | ill. ; |
| Dimensions | 24 cm. |
| 590 ## - LOCAL NOTE (RLIN) | |
| Local note | ESL Studies : 2ELG20 |
| 650 #0 - SUBJECT ADDED ENTRY--TOPICAL TERM | |
| Topical term or geographic name entry element | English language |
| General subdivision | Composition and exercises. |
| 9 (RLIN) | 1480 |
| 920 ## - Programme | |
| Programme | CAL |
| Withdrawn status | Lost status | Source of classification or shelving scheme | Damaged status | Not for loan | Home library | Current library | Date acquired | Total Checkouts | Barcode | Date last seen | Date last checked out | Copy number | Uniform Resource Identifier | Koha item type | Public note |
|---|---|---|---|---|---|---|---|---|---|---|---|---|---|---|---|
| Dewey Decimal Classification | Taylor's Library-TC | Taylor's Library-TC | 23/02/2009 | 2 | 5000057481 | 12/12/2019 | 23/02/2009 | 1 | Floor 4, Shelf 38 , Side 2, TierNo 4, BayNo 6 | Main Collection | SAMxx,01000,01,GR |